01828cam a22004214i 4500003000900000005001700009008004100026035002000067040003300087100003000120245023600150264001000386300002200396336002100418337002500439338002300464502005900487504002400546520052500570526001001095526001001105526000901115526000901124526000901133526000901142526000901151526000901160526000901169526000801178526000801186526000801194526000801202526000801210650006201218650005601280650003501336700003501371PE-LiUPU20250731165411.0151022s2000 pe grm 000 0 spa d a(Sirsi) a155047 aPE-LiUPUbspacPE-LiUPUerda1 aRuelas Cayo, Soniaeautor1 aFactores personales y socio culturales que inciden en la preferencia femenina por la profesión de enfermería según los alumnos del 5to año de secundaria, USE Nro. 06 Chaclacayo- Lima. Diciembre de 1999 /cSonia Ruelas Cayo. 0c2000. a141 hojas c30 cm atext2rdacontent aunmediated2rdamedia avolume2rdacarrier aTesisb(Lic.) -- cUniversidad Peruana Unión,d2000. aIncluye referencias3 aEl presente de investigación tuvo por objetivo identificar los factores personales y socio culturales que inciden en la preferencia femenina por la carrera profesional de enfermería, según estudiantes del 5° año de secundaria de la USE N°6, Chaclacayo-Lima. Es un estudio de tipo descriptivo-transversal realizado en estudiantes del 5° año de secundaria. La población estuvo conformada por 859 alumnos de colegios nacionales y 122 de colegios particulares. La muestra fue de 243 alumnos hombres y mujeres. aSEG44 aSEG26 aP151 aP150 aP149 aP146 aP145 aP126 aP125 aP92 aP75 aP74 aP27 aP1504aEstudiantes de secundariaxEnfermería como profesión.04aEstudiantes de secundariaxIntereses profesionales.04aEnfermería como profesión.1 aVega Huamán, Germáneautor